Cricket World Cup- Every team that has participated - Statistics

General Stats
  • This quiz has been taken 2,128 times
  • The average score is 17 of 20
Answer Stats
Teams That Have Participated % Correct
Australia
99%
India
99%
England
97%
New Zealand
96%
Pakistan
95%
Bangladesh
93%
South Africa
93%
Afghanistan
92%
Ireland
92%
Sri Lanka
91%
West Indies
89%
Zimbabwe
88%
Scotland
85%
Canada
83%
Netherlands
82%
Kenya
81%
United Arab Emirates
63%
Namibia
62%
Bermuda
48%
East Africa
37%
No matching quizzes found
Score Distribution
Percent of People with Each Score
Percentile by Number Answered
Your Score History
You have not taken this quiz